|
|
|
|
| LEADER |
00950cam a2200241 a 4500 |
| 001 |
c000231974 |
| 003 |
CARM |
| 005 |
20070403095217.0 |
| 008 |
860714s1985 enk 000 1 eng d |
| 015 |
|
|
|a b8618242
|
| 019 |
1 |
|
|a 4685851
|5 LACONCORD2021
|
| 020 |
|
|
|a 0099443104 (pbk) :
|c £1.95
|
| 035 |
|
|
|a (OCoLC)14129524
|5 LACONCORD2021
|
| 040 |
|
|
|a BNB
|b eng
|c BNB
|d SSLP
|
| 082 |
0 |
4 |
|a 813/.54
|2 19
|
| 100 |
1 |
|
|a Morrell, David.
|
| 245 |
1 |
0 |
|a Rambo :
|b first blood part II : the novel /
|c by David Morrell ; from the screenplay by Sylvester Stallone and James Cameron.
|
| 260 |
|
|
|a London :
|b Arrow,
|c 1985.
|
| 300 |
|
|
|a 241 p. ;
|c 18 cm.
|
| 500 |
|
|
|a Fiction in English. American writers,. 1945- - Texts (BNB/PRECIS)
|
| 852 |
8 |
|
|b CARM
|h A1:AP16A0
|i A04199
|p 0319851
|f BK
|
| 999 |
f |
f |
|i 16b8261f-256d-55af-bc4c-9ca8ce7a2c28
|s ea126406-8311-5259-a956-699eb015f90a
|
| 952 |
f |
f |
|p Can circulate
|a CAVAL
|b CAVAL
|c CAVAL
|d CARM 1 Store
|e A04199
|f A1:AP16A0
|h Other scheme
|i book
|m 0319851
|